000
00210 a2200097 4500
001
11937
100
_a
Lipman, M.H.
245
_a
Political science
260
_a
_b
Barnes & nobel books
_c
090
_c
9191
_d
9191
942
_a
NUST-CAE
_c
M
_c
36035
999
_c
247010
_d
247010